¿Combate saca la corrupción?
Պահպանված է:
| Ձևաչափ: | Տեքստ |
|---|---|
| Հրապարակվել է: |
San Salvador:
CIDAI
|
| Խորագրեր: | |
| Ցուցիչներ: |
Ավելացրեք ցուցիչ
Չկան պիտակներ, Եղեք առաջինը, ով նշում է այս գրառումը!
|
MARC
| LEADER | 00000 a a2200000 04500 | ||
|---|---|---|---|
| 001 | 46488 | ||
| 003 | |||
| 040 | |||
| 090 | |a REV0420 26(1149) 2005 | ||
| 245 | |a ¿Combate saca la corrupción? | ||
| 260 | |a San Salvador: |b CIDAI | ||
| 650 | |a CORRUPCION | ||
| 650 | |a PROBLEMAS POLITICOS | ||
| 650 | |a CLERO | ||
| 773 | |g volumen26, número1149 ( , 2005) | ||
| 999 | |c 37430 |d 37430 | ||
